Indian industry: yesterday, today and tomorrow (Record no. 373422)

000 -LEADER
fixed length control field 00371cam a22001337a 4500
008 - FIXED-LENGTH DATA ELEMENTS--GENERAL INFORMATION
fixed length control field 180718b1930 xxu||||| |||| 00| 0 eng d
082 ## - DEWEY DECIMAL CLASSIFICATION NUMBER
Classification number T2x54 M421
100 ## - MAIN ENTRY--PERSONAL NAME
Personal name Matheson, M. Cocile
245 ## - TITLE STATEMENT
Title Indian industry: yesterday, today and tomorrow
Statement of responsibility, etc. by M. Cocile Matheson
260 ## - PUBLICATION, DISTRIBUTION, ETC.
Place of publication, distribution, etc. London
Name of publisher, distributor, etc. OUP
Date of publication, distribution, etc. 1930
300 ## - PHYSICAL DESCRIPTION
Extent 227p.
500 ## - GENERAL NOTE
General note Rs.6.00
650 ## - SUBJECT ADDED ENTRY--TOPICAL TERM
Topical term or geographic name entry element Industry - India
Holdings
Withdrawn status Lost status Damaged status Not for loan Permanent Location Current Location Date acquired Full call number Barcode Date last seen Price effective from Koha item type
        Indian Institute of Public Administration Indian Institute of Public Administration 1994-06-20 T2x54 M421 23329 2018-07-21 2018-07-21 Book

Powered by Koha